<?xml version="1.0" encoding="UTF-8"?>
<record
    xmlns:xsi="http://www.w3.org/2001/XMLSchema-instance"
    xsi:schemaLocation="http://www.loc.gov/MARC21/slim http://www.loc.gov/standards/marcxml/schema/MARC21slim.xsd"
    xmlns="http://www.loc.gov/MARC21/slim">

  <leader>01201nam0a22002651  4500</leader>
  <controlfield tag="001">rc\4424835</controlfield>
  <controlfield tag="005">20260407145540.0</controlfield>
  <datafield tag="021" ind1=" " ind2=" ">
    <subfield code="a">RU</subfield>
    <subfield code="b">(62-77353)</subfield>
  </datafield>
  <datafield tag="021" ind1=" " ind2=" ">
    <subfield code="a">RU</subfield>
    <subfield code="b">&#x420;&#x433;332</subfield>
  </datafield>
  <datafield tag="035" ind1=" " ind2=" ">
    <subfield code="a">(NLR Aleph) 008308475</subfield>
  </datafield>
  <datafield tag="090" ind1=" " ind2=" ">
    <subfield code="a">8681707</subfield>
    <subfield code="c">8681707</subfield>
  </datafield>
  <datafield tag="100" ind1=" " ind2=" ">
    <subfield code="a">20130416d1961    |||y0rusy50      ca</subfield>
  </datafield>
  <datafield tag="101" ind1="0" ind2=" ">
    <subfield code="a">rus</subfield>
  </datafield>
  <datafield tag="102" ind1=" " ind2=" ">
    <subfield code="a">RU</subfield>
  </datafield>
  <datafield tag="105" ind1=" " ind2=" ">
    <subfield code="a">a   z   |||||</subfield>
  </datafield>
  <datafield tag="200" ind1="1" ind2=" ">
    <subfield code="a">&#x417;&#x430;&#x449;&#x438;&#x442;&#x430; &#x441;&#x445;&#x435;&#x43C;&#x44B; &#x438;&#x437;&#x432;&#x435;&#x449;&#x435;&#x43D;&#x438;&#x44F; &#x43F;&#x440;&#x438;&#x431;&#x43B;&#x438;&#x436;&#x435;&#x43D;&#x438;&#x44F; &#x43F;&#x43E;&#x435;&#x437;&#x434;&#x43E;&#x432; &#x43A; &#x441;&#x442;&#x430;&#x43D;&#x446;&#x438;&#x44F;&#x43C; &#x438; &#x43F;&#x435;&#x440;&#x435;&#x435;&#x437;&#x434;&#x430;&#x43C; &#x43E;&#x442; &#x438;&#x43D;&#x434;&#x443;&#x43A;&#x442;&#x438;&#x432;&#x43D;&#x43E;&#x433;&#x43E; &#x432;&#x43B;&#x438;&#x44F;&#x43D;&#x438;&#x44F; &#x432;&#x44B;&#x441;&#x43E;&#x43A;&#x43E;&#x432;&#x43E;&#x43B;&#x44C;&#x442;&#x43D;&#x44B;&#x445; &#x43B;&#x438;&#x43D;&#x438;&#x439; &#x430;&#x432;&#x442;&#x43E;&#x431;&#x43B;&#x43E;&#x43A;&#x438;&#x440;&#x43E;&#x432;&#x43A;&#x438; &#x43F;&#x440;&#x438; &#x437;&#x430;&#x437;&#x435;&#x43C;&#x43B;&#x435;&#x43D;&#x438;&#x438; &#x43E;&#x434;&#x43D;&#x43E;&#x439; &#x444;&#x430;&#x437;&#x44B;</subfield>
    <subfield code="f">&#x421;&#x421;&#x421;&#x420;. &#x41C;-&#x432;&#x43E; &#x43F;&#x443;&#x442;&#x435;&#x439; &#x441;&#x43E;&#x43E;&#x431;&#x449;&#x435;&#x43D;&#x438;&#x44F;. &#x421;&#x442;&#x430;&#x43B;&#x438;&#x43D;&#x441;&#x43A;&#x430;&#x44F; &#x436;. &#x434;. &#x441;&#x43B;&#x443;&#x436;&#x431;&#x430; &#x441;&#x438;&#x433;&#x43D;&#x430;&#x43B;&#x438;&#x437;&#x430;&#x446;&#x438;&#x438; &#x438; &#x441;&#x432;&#x44F;&#x437;&#x438;, &#x414;&#x43E;&#x440;&#x41D;&#x422;&#x41E;</subfield>
  </datafield>
  <datafield tag="210" ind1=" " ind2=" ">
    <subfield code="a">&#x414;&#x43D;&#x435;&#x43F;&#x440;&#x43E;&#x43F;&#x435;&#x442;&#x440;&#x43E;&#x432;&#x441;&#x43A;</subfield>
    <subfield code="c">&#x411;. &#x438;.</subfield>
    <subfield code="d">1961</subfield>
  </datafield>
  <datafield tag="215" ind1=" " ind2=" ">
    <subfield code="a">5 &#x441;., 5 &#x43B;. &#x447;&#x435;&#x440;&#x442;.</subfield>
    <subfield code="d">20</subfield>
  </datafield>
  <datafield tag="225" ind1="1" ind2=" ">
    <subfield code="a">&#x41E;&#x431;&#x43C;&#x435;&#x43D; &#x43E;&#x43F;&#x44B;&#x442;&#x43E;&#x43C;</subfield>
    <subfield code="e">&#x418;&#x43D;&#x444;&#x43E;&#x440;&#x43C;.-&#x442;&#x435;&#x445;&#x43D;. &#x43F;&#x438;&#x441;&#x44C;&#x43C;&#x43E;</subfield>
  </datafield>
  <datafield tag="712" ind1="0" ind2="2">
    <subfield code="a">&#x41F;&#x440;&#x438;&#x434;&#x43D;&#x435;&#x43F;&#x440;&#x43E;&#x432;&#x441;&#x43A;&#x430;&#x44F; &#x436;&#x435;&#x43B;&#x435;&#x437;&#x43D;&#x430;&#x44F; &#x434;&#x43E;&#x440;&#x43E;&#x433;&#x430;</subfield>
    <subfield code="3">RU\NLR\AUTH\8810022385</subfield>
    <subfield code="9">542777</subfield>
  </datafield>
  <datafield tag="801" ind1=" " ind2="0">
    <subfield code="a">RU</subfield>
    <subfield code="b">NLR</subfield>
    <subfield code="g">psbo</subfield>
  </datafield>
  <datafield tag="801" ind1=" " ind2="1">
    <subfield code="a">RU</subfield>
    <subfield code="b">ELAR</subfield>
    <subfield code="2">rusmarc</subfield>
  </datafield>
  <datafield tag="852" ind1=" " ind2=" ">
    <subfield code="a">NLR</subfield>
    <subfield code="j">62-4/658</subfield>
  </datafield>
  <datafield tag="942" ind1=" " ind2=" ">
    <subfield code="c">BOOK</subfield>
  </datafield>
  <datafield tag="980" ind1=" " ind2=" ">
    <subfield code="a">NB</subfield>
  </datafield>
  <datafield tag="995" ind1=" " ind2=" ">
    <subfield code="5">2013-10-26</subfield>
    <subfield code="b">NLR01</subfield>
    <subfield code="c">NLR01</subfield>
    <subfield code="e">RF31</subfield>
    <subfield code="f">8308475-10</subfield>
    <subfield code="k">62-4/658</subfield>
    <subfield code="o">0</subfield>
    <subfield code="r">BOOK</subfield>
    <subfield code="s">624658_</subfield>
  </datafield>
</record>
